Gautami mahatymya wa ashtang sthanancha sankritik abhyas (Record no. 1434853)

MARC details
000 -LEADER
fixed length control field 00869nam a22002177a 4500
005 - DATE AND TIME OF LATEST TRANSACTION
control field 20250825113037.0
008 - FIXED-LENGTH DATA ELEMENTS--GENERAL INFORMATION
fixed length control field 250825b |||||||| |||| 00| 0 eng d
020 ## - INTERNATIONAL STANDARD BOOK NUMBER
International Standard Book Number 978-93-93599-13-1 (hbk) (Vol. 2)
020 ## - INTERNATIONAL STANDARD BOOK NUMBER
International Standard Book Number 978-93-93599-14-8 (hbk) (Vol. 3)
037 ## - SOURCE OF ACQUISITION
Terms of availability REF
040 ## - CATALOGING SOURCE
Original cataloging agency CRL
Transcribing agency CRL
041 ## - LANGUAGE CODE
Source of code eng
Language code of text/sound track or separate title eng
Language code of original mar
084 ## - COLON CLASSIFICATION NUMBER
Classification number U.235P1G0 155R3.2-.3(RR)
Assigning agency CRL
100 ## - MAIN ENTRY--PERSONAL NAME
Personal name Pathak, Arunchandra Sahn.
9 (RLIN) 818732
245 ## - TITLE STATEMENT
Title Gautami mahatymya wa ashtang sthanancha sankritik abhyas
260 ## - PUBLICATION, DISTRIBUTION, ETC.
Place of publication, distribution, etc. Mumbai, India:
Name of publisher, distributor, etc. Maharashtra Rajya Sahitya Va Sanskriti Mandal,
Date of publication, distribution, etc. 2023.
300 ## - PHYSICAL DESCRIPTION
Extent Vol. 2 (1p.-285p.), Vol. 3 (1p.-647p.)
650 ## - SUBJECT ADDED ENTRY--TOPICAL TERM
Source of heading or term Geography
942 ## - ADDED ENTRY ELEMENTS (KOHA)
Source of classification or shelving scheme Colon Classification (CC)
Koha item type Reference
Classification part U.235P1G0 155R3.2-.3(RR)
Suppress in OPAC No
Holdings
Withdrawn status Lost status Source of classification or shelving scheme Damaged status Not for loan Home library Current library Date acquired Source of acquisition Cost, normal purchase price Serial Enumeration / chronology Inventory number Total Checkouts Full call number Barcode Date last seen Price effective from Koha item type
    Colon Classification (CC)     Central Library Central Library 2025-08-25 Arunchandra Sahn. Pathak 545.00 Vol. 2 - Ashtangancha abhyas Gift   U.235P1G0 155R3.2 CL1699828 2025-08-25 2025-08-25 Reference
    Colon Classification (CC)     Central Library Central Library 2025-08-25 Arunchandra Sahn. Pathak 545.00 Vol. 3 - Goda sanskriti Gift   U.235P1G0 155R3.3 CL1699820 2025-08-25 2025-08-25 Reference
Copyright @ Delhi University Library System